5 Naj... województw pod względem losowych kategorii - Statystyki

Ogólne statystyki
  • Ten quiz został rozwiązany 24 razy
    10 od ostatniego zresetowania
  • Średni wynik to 16 z 20
Statystyki odpowiedzi
Co? Nr. _ Województwo % Poprawnych
Kolejność alfabetyczna 1. D Dolnośląskie
100%
Populacja 5. 2,901,225 Dolnośląskie
100%
Gęstość zaludnienia 4. 146 Dolnośląskie
100%
Ludność stolicy 3. 673,531 Dolnośląskie
100%
Kolejność alfabetyczna 2. K Kujawsko-Pomorskie
100%
Kolejność alfabetyczna 5. Ł Łódzkie
100%
Gęstość zaludnienia 5. 136 Łódzkie
100%
Kolejność alfabetyczna 3. L Lubelskie
100%
Powierzchnia 3. 25,122 km2 Lubelskie
100%
Kolejność alfabetyczna 4. L Lubuskie
100%
Lesistość 1. 51.8% Lubuskie
100%
Populacja 4. 3,400,577 Małopolskie
100%
Gęstość zaludnienia 2. 223 Małopolskie
100%
Ludność stolicy 2. 807,644 Małopolskie
100%
Populacja 1. 5,403,412 Mazowieckie
100%
Powierzchnia 1. 35,558 km2 Mazowieckie
100%
Procent urbanizacji 5. 64.7% Mazowieckie
100%
Gęstość zaludnienia 3. 151 Mazowieckie
100%
Ludność stolicy 1. 1,862,402 Mazowieckie
100%
Populacja 2. 4,533,565 Śląskie
100%
Procent urbanizacji 1. 77.6% Śląskie
100%
Gęstość zaludnienia 1. 370 Śląskie
100%
Powierzchnia 4. 24,173 km2 Warmińsko-Mazurskie
100%
Populacja 3. 3,493,969 Wielkopolskie
100%
Powierzchnia 2. 29,826 km2 Wielkopolskie
100%
Ludność stolicy 5. 536,818 Wielkopolskie
100%
Powierzchnia 5. 22,897 km2 Zachodniopomorskie
100%
Ilość liter w nazwie 3. 19 Kujawsko-Pomorskie
80%
Ilość liter w nazwie 1. 20 Warmińsko-Mazurskie
80%
Ilość liter w nazwie 5. 13 Wielkopolskie
80%
Ilość liter w nazwie 1. 20 Zachodniopomorskie
80%
Procent urbanizacji 2. 69.4% Dolnośląskie
67%
Ilość miast 3. 93 Dolnośląskie
67%
Ludność stolicy 4. 648,711 Łódzkie
67%
Ilość miast 2. 111 Mazowieckie
67%
Lesistość 3. 39.1% Pomorskie
67%
Ilość miast 4. 74 Śląskie
67%
Lesistość 5. 34.6% Warmińsko-Mazurskie
67%
Ilość miast 1. 120 Wielkopolskie
67%
Lesistość 4. 38.9% Zachodniopomorskie
67%
Ilość liter w nazwie 4. 14 Świętokrzyskie
60%
Ilość powiatów 4. 30 Dolnośląskie
50%
Ilość powiatów 1. 42 Mazowieckie
50%
Ilość powiatów 2. 36 Śląskie
50%
Ilość powiatów 3. 35 Wielkopolskie
50%
Lesistość 2. 39.3% Podkarpackie
33%
Procent urbanizacji 4. 65.0% Pomorskie
33%
Procent urbanizacji 3. 68.9% Zachodniopomorskie
33%
Ilość miast 5. 66 Zachodniopomorskie
33%
Ilość powiatów 5. 25 Podkarpackie
0%
Nie znaleziono quizów pasujących do podanych kryteriów
Rozkład punktacji
Procent ludzi z każdym wynikiem
Percentyl według liczby udzielonych odpowiedzi
Twoja historia wyników
Nie rozwiązałeś tego quizu od ostatniego zresetowania